[Event "Défi"]
[Site "www.echecsemail.com"]
[Date "2026.01.09"]
[Round "1"]
[White "Berjay"]
[Black "Khamis"]
[WhiteElo "1710"]
[BlackElo "1830"]
[Result "1-0"]
1.e4 c5
2.Bf1c4 d6
3.Ng1f3 e6
4.d3 h6
5.Nb1c3 Ng8f6
6.O-O Bf8e7
7.e5 Nf6g4
8.d4 cxd4
9.Nf3xd4 Ng4xe5
10.Bc4b5 Nb8c6
11.Bc1f4 O-O
12.a3 a6
13.Bb5e2 Ne5g6
14.Bf4e3 f5
15.Be2c4 d5
16.Bc4e2 e5
17.Nd4xc6 bxc6
18.Be3d2 a5
19.Be2h5 Ng6f4
20.Bd2xf4 exf4
21.Nc3e2 Be7g5
22.Ne2d4 Bc8d7
23.c3 a4
24.b4 Ra8c8
25.Bh5g6 Rf8f6
26.Bg6h5 Bd7e8
27.Bh5f3 Rc8a8
28.Rf1e1 Be8d7
29.Ra1a2 Rf6f8
30.Ra2e2 g6
31.Nd4e6 Bd7xe6
32.Re2xe6 Bg5f6
33.Re6xc6 d4
34.cxd4 Kh7
35.Qd1c1 g5
36.Rc6c7 Kh8
37.Bf3xa8 Qd8xa8
38.Qc1c5 Rf8d8
39.d5 Qa8xd5
40.Qc5c2 Rd8a8
41.h3 f3
42.g3 h5
43.Rc7c8 Kh7
44.Rc8c6 Kg6
45.Re1e6 Ra8f8
46.Qc2xa4 Qd5a2
47.Qa4a6 Qa2a1
48.Kh2 Qa1a2
49.Qa6f1 Qa2xa3
50.Qf1e1 g4
51.Qe1e5 Qa3a2
52.Re6xf6 { abandon }1-0

[Event "Eq:Les Rois du Succes-Vikings :"]
[Site "www.echecsemail.com"]
[Date "2026.01.09"]
[Round "1"]
[White "Viv59"]
[Black "Hogar"]
[WhiteElo "2300"]
[BlackElo "2830"]
[Result "0-1"]
1.d4 Ng8f6
2.Ng1f3 g6
3.c4 Bf8g7
4.Nb1c3 d5
5.cxd5 Nf6xd5
6.Nc3a4 Bc8f5
7.Na4c5 b6
8.Nc5b3 Nd5b4
9.e4 Bf5xe4
10.Bf1b5 c6
11.Bb5c4 Nb4c2
12.Kf1 Nc2xa1
13.Nb3xa1 O-O
14.Na1b3 e5
15.Qd1e2 Be4f5
16.a4 Nb8d7
17.h4 e4
18.Nf3g5 Nd7f6
19.f3 exf3
20.gxf3 Nf6h5
21.Qe2f2 h6
22.Ng5e4 Rf8e8
23.Bc1e3 Qd8c7
24.Nb3d2 Ra8d8
25.Qf2g1 Bf5e6
26.Bc4e2 Qc7e7
27.Rh1h2 Qe7b4
28.f4 Be6f5
29.Be2xh5 Bf5xe4
30.Nd2xe4 Re8xe4
{ abandon }0-1

[Event "Coupe Niveau 5"]
[Site "www.echecsemail.com"]
[Date "2026.01.09"]
[Round "1"]
[White "Carrighir"]
[Black "Bournivergne"]
[WhiteElo "2100"]
[BlackElo "2320"]
[Result "0-1"]
1.e4 c5
2.Ng1f3 Nb8c6
3.d4 cxd4
4.Nf3xd4 e5
5.Nd4f3 Ng8f6
6.Bc1g5 Qd8a5
7.Bg5d2 Qa5b6
8.Nb1c3 Bf8c5
9.Qd1e2 Nc6d4
10.Nf3xd4 Bc5xd4
11.O-O-O O-O
12.g4 d5
13.Nc3a4 Qb6c6
14.Na4c3 dxe4
15.h3 e3
16.fxe3 Bd4xc3
17.Bd2xc3 Qc6xh1
18.Bf1g2 Qh1h2
19.Rd1h1 Qh2g3
20.Bc3e1 Bc8xg4
21.Qe2d2 Ra8d8
22.Qd2xd8 Qg3xe1
23.Rh1xe1 Rf8xd8
24.hxg4 b6
25.g5 Nf6e8
26.c4 f6
27.gxf6 Ne8xf6
28.Kc2 Kf7
29.Kc3 g5
30.Bg2c6 h5
31.e4 g4
32.Bc6d5 Ke7
33.Kd3 h4
34.Ke3 Rd8f8
35.b4 g3
36.Bd5b7 Nf6g4
37.Ke2 Rf8f2
{ abandon }0-1

[Event "Défi( 10J+24H/c 10J Max )"]
[Site "www.echecsemail.com"]
[Date "2026.01.09"]
[Round "1"]
[White "Skalfa"]
[Black "Pourquoipas"]
[WhiteElo "1870"]
[BlackElo "1660"]
[Result "1-0"]
1.e4 e5
2.Ng1f3 Bf8d6
3.Nb1c3 Ng8f6
4.Bf1e2 Bd6b4
5.d3 Bb4xc3
6.bxc3 b6
7.O-O O-O
8.Bc1g5 d6
9.h3 Qd8e7
10.Nf3h2 Nb8d7
11.Be2f3 Qe7e6
12.d4 Bc8b7
13.d5 Qe6e8
14.Nh2g4 Nf6xg4
15.Bf3xg4 c6
16.c4 Bb7a6
17.Qd1e2 Nd7c5
18.a4 cxd5
19.exd5 f6
20.Bg5e3 f5
21.Bg4f3 Nc5d7
22.g3 f4
23.Be3d2 Qe8g6
24.Kh2 Ra8e8
25.Bf3h5 fxg3
26.fxg3 Qg6xc2
27.Bh5xe8 Ba6xc4
28.Rf1xf8 Nd7xf8
29.Ra1c1 Bc4xe2
30.Rc1xc2 Be2d3
31.Rc2c7 Bd3e4
32.Be8c6 a5
33.Rc7b7 b5
34.axb5 a4
35.Bd2b4 h6
36.g4 Nf8g6
37.Bb4xd6 Ng6f4
38.Bd6xe5 Nf4xd5
39.Rb7xg7 Kf8
40.Rg7d7 Nd5b6
41.Rd7b7 Be4xc6
42.bxc6 Nb6d5
43.Rb7h7 Nd5e7
44.c7 a3
45.Rh7xe7 Kxe7
46.c8Q a2
47.Qc8c7 Ke6
48.Qc7d6 Kf7
49.Qd6xh6 Ke7
50.Qh6a6 Kd7
51.Qa6xa2 { abandon }1-0

[Event "UBIQUITE"]
[Site "www.echecsemail.com"]
[Date "2026.01.09"]
[Round "1"]
[White "Mindthegap"]
[Black "4x4"]
[WhiteElo "1430"]
[BlackElo "1440"]
[Result "0-1"]
1.e4 e5
2.Ng1f3 Ng8f6
3.Nf3xe5 d6
4.Ne5f3 Nf6xe4
5.d4 d5
6.Bf1d3 Bc8f5
7.Qd1e2 Bf8e7
8.O-O c6
9.Nb1c3 Nb8d7
10.Nc3xe4 Bf5xe4
11.Bd3xe4 dxe4
12.Qe2xe4 Nd7f6
13.Qe4e3 Nf6d5
14.Qe3b3 O-O
15.Qb3xb7 Be7d6
16.Rf1e1 Ra8b8
17.Qb7xc6 Nd5b4
18.Qc6c4 Rb8c8
19.Qc4b3 Nb4xc2
20.Qb3b7 Nc2xa1
21.Qb7xa7 Na1c2
22.Bc1g5 f6
23.Bg5xf6 Qd8xf6
24.Qa7a4 Qf6f5
25.Qa4c4 Rc8xc4
{ abandon }0-1

[Event "Tournoi n27368"]
[Site "www.echecsemail.com"]
[Date "2026.01.09"]
[Round "1"]
[White "Majula"]
[Black "Albescab"]
[WhiteElo "1620"]
[BlackElo "1630"]
[Result "1-0"]
1.e4 e5
2.Ng1f3 d6
3.Bf1c4 Bf8e7
4.O-O Ng8h6
5.h3 Bc8e6
6.d3 Nb8c6
7.Bc4xe6 fxe6
8.c3 d5
9.Rf1e1 Qd8d7
10.b4 d4
11.Nf3xe5 Nc6xe5
12.Qd1h5 Ne5f7
13.f4 Qd7b5
14.Qh5xb5 c6
15.Qb5xb7 O-O
16.Qb7xe7 e5
17.f5 Rf8e8
18.Qe7c5 Re8c8
19.Nb1a3 Nf7d8
20.Qc5xe5 Nd8f7
21.Qe5xd4 Rc8d8
22.Qd4c4 Kh8
23.Bc1xh6 Nf7xh6
24.Qc4xc6 Nh6f7
25.d4 Ra8c8
26.Qc6b6 axb6
27.Na3b5 Rd8f8
28.g4 Nf7e5
29.dxe5 Rf8d8
30.Ra1d1 Rd8f8
31.Rd1d6 Rc8a8
32.a3 Ra8b8
33.Re1d1 h6
34.a4 Kh7
35.h4 Rf8e8
36.e6 Re8e7
37.Rd6d7 Re7e8
38.e7 Kg8
39.Rd7d8 Kf7
40.Rd8xb8 Re8xe7
41.Rb8xb6 Kg8
42.Rb6e6 Re7b7
43.g5 h5
44.g6 { abandon }1-0

[Event "Tournoi n27365"]
[Site "www.echecsemail.com"]
[Date "2026.01.09"]
[Round "1"]
[White "Verson"]
[Black "Carlsen10"]
[WhiteElo "1850"]
[BlackElo "1770"]
[Result "0-1"]
1.d4 Ng8f6
2.Ng1f3 g6
3.Bc1f4 d6
4.e3 Bf8g7
5.Bf1d3 O-O
6.O-O Nb8d7
7.Nb1d2 Rf8e8
8.e4 e5
9.Bf4g5 exd4
10.Nf3xd4 c6
11.Nd2f3 Qd8c7
12.Rf1e1 Nd7e5
13.Qd1d2 Bc8g4
14.Bd3e2 Ne5xf3
15.Be2xf3 Bg4xf3
16.gxf3 Nf6d7
17.Ra1d1 Nd7e5
18.b3 Qc7d7
19.Bg5h4 c5
20.Nd4e2 Ne5xf3
{ abandon }0-1

[Event "Défi( 10J+24H/c 10J Max )"]
[Site "www.echecsemail.com"]
[Date "2026.01.09"]
[Round "1"]
[White "Geantvert"]
[Black "Tunnellavage"]
[WhiteElo "1860"]
[BlackElo "1760"]
[Result "1-0"]
1.c4 e5
2.Nb1c3 Bf8c5
3.e3 Nb8c6
4.Ng1e2 Ng8f6
5.g3 d6
6.a3 a6
7.b4 Bc5a7
8.Bf1g2 Bc8d7
9.d4 exd4
10.exd4 O-O
11.O-O h6
12.c5 Nc6e7
13.Ne2f4 Ra8b8
14.Nf4d5 Ne7g6
15.Rf1e1 Bd7e6
16.Bc1d2 dxc5
17.Nd5xf6 Qd8xf6
18.dxc5 c6
19.Nc3e4 Qf6e7
20.Ne4d6 Rb8d8
21.Qd1c2 Ba7b8
22.Nd6c4 Qe7d7
23.Bd2e3 Ng6e7
24.Ra1d1 Ne7d5
25.Nc4b6 Nd5xe3
26.Nb6xd7 Ne3xc2
27.Nd7xf8 Rd8xd1
28.Re1xd1 { abandon }1-0

[Event "Défi"]
[Site "www.echecsemail.com"]
[Date "2026.01.09"]
[Round "1"]
[White "Kawa750"]
[Black "Bilitis"]
[WhiteElo "1800"]
[BlackElo "1760"]
[Result "0-1"]
1.e4 e5
2.Nb1c3 Nb8c6
3.Ng1f3 d6
4.Bf1b5 a6
5.Bb5a4 Bc8g4
6.h3 Bg4h5
7.g4 Bh5g6
8.d3 b5
9.Ba4b3 Ng8f6
10.Bc1g5 Bf8e7
11.Bg5h4 h6
12.Bh4g3 Nc6a5
13.Nc3d5 Nf6xd5
14.Bb3xd5 c6
15.Bd5b3 Na5xb3
16.axb3 Qd8d7
17.O-O h5
18.Nf3h2 hxg4
19.hxg4 O-O-O
20.Kg2 Rh8h7
21.Rf1h1 Rd8h8
22.f4 exf4
23.Bg3xf4 d5
24.e5 f6
25.Qd1e2 fxe5
26.Qe2xe5 Kb7
27.Ra1e1 Rh8e8
28.Qe5c3 Kb6
29.Re1a1 Re8a8
30.Bf4e3 Kb7
31.Qc3a5 Be7d8
32.Qa5d2 Bd8c7
33.Be3f4 Ra8h8
34.Kg3 Bg6f7
35.Ra1f1 d4
36.Rh1g1 Rh7xh2
37.Qd2xh2 Rh8xh2
38.Kxh2 Bc7xf4
39.Rf1xf4 Qd7d6
40.Rg1f1 g5
{ abandon }0-1

[Event "Tournoi n27348"]
[Site "www.echecsemail.com"]
[Date "2026.01.09"]
[Round "1"]
[White "Legros"]
[Black "Verson"]
[WhiteElo "1740"]
[BlackElo "1880"]
[Result "0-1"]
1.e4 e6
2.Ng1f3 d5
3.exd5 exd5
4.d4 Ng8f6
5.Nb1c3 c6
6.Bf1e2 Bf8d6
7.O-O O-O
8.Rf1e1 Bc8g4
9.Bc1g5 h6
10.Bg5e3 Nb8d7
11.Qd1d2 Rf8e8
12.Nf3h4 Bg4xe2
13.Qd2xe2 Nd7f8
14.Qe2f3 Nf6e4
15.Nc3xe4 Re8xe4
16.Nh4f5 Bd6c7
17.Be3xh6 gxh6
18.Nf5xh6 Kh7
19.Nh6xf7 Qd8h4
20.Qf3f5 Kg7
21.g3 Qh4f6
22.Qf5xf6 Kxf6
23.Re1xe4 dxe4
24.Nf7h6 Ra8e8
25.Nh6g4 Kg5
26.Ng4e3 Nf8e6
27.Ra1d1 Bc7b6
28.c3 Ne6c7
29.h4 Kf6
30.Kg2 Nc7d5
31.Ne3g4 Kf5
32.Ng4e5 Bb6c7
33.f4 Nd5e3
{ abandon }0-1

[Event "Tournoi n27350"]
[Site "www.echecsemail.com"]
[Date "2026.01.09"]
[Round "1"]
[White "Prize640"]
[Black "Boudon"]
[WhiteElo "2210"]
[BlackElo "2200"]
[Result "1-0"]
1.c4 e5
2.Nb1c3 Bf8b4
3.Nc3d5 Bb4c5
4.Ng1f3 e4
5.Nf3g5 e3
6.f4 exd2
7.Bc1xd2 c6
8.Nd5c3 Ng8f6
9.Ng5e4 Nf6xe4
10.Nc3xe4 Bc5b6
11.Ne4d6 Kf8
12.Bd2c3 { abandon }1-0

[Event "Tournoi n27368"]
[Site "www.echecsemail.com"]
[Date "2026.01.09"]
[Round "1"]
[White "Raymar"]
[Black "Albescab"]
[WhiteElo "1540"]
[BlackElo "1650"]
[Result "1-0"]
1.e4 e5
2.Ng1f3 d6
3.Nb1c3 Bc8g4
4.Bf1e2 Ng8f6
5.h3 Bg4e6
6.O-O Nb8c6
7.d3 Qd8d7
8.Bc1g5 Bf8e7
9.Nc3d5 Be6xh3
10.Bg5xf6 gxf6
11.Nf3h2 O-O-O
12.gxh3 Qd7xh3
13.Be2g4 Qh3xg4
14.Nh2xg4 Rh8g8
15.f3 h5
16.Nd5xe7 Kb8
17.Ne7xg8 Rd8xg8
18.Kf2 hxg4
19.Rf1g1 d5
20.Rg1xg4 Rg8h8
21.Qd1g1 Rh8c8
22.Qg1h2 Nc6e7
23.Rg4g7 dxe4
24.Rg7xf7 exf3
25.Rf7xe7 { abandon }1-0

[Event "Défi( 10J+24H/c 10J Max )"]
[Site "www.echecsemail.com"]
[Date "2026.01.09"]
[Round "1"]
[White "Bertelsen"]
[Black "Blagnaque"]
[WhiteElo "1700"]
[BlackElo "1680"]
[Result "1-0"]
1.d4 d5
2.Ng1f3 Nb8c6
3.Nb1c3 Ng8f6
4.e3 e6
5.a3 Bf8d6
6.h3 Nc6a5
7.b4 Na5c4
8.Bf1xc4 dxc4
9.Qd1e2 Nf6d5
10.Nc3d1 b5
11.c3 O-O
12.O-O h6
13.e4 Nd5b6
14.e5 Bd6e7
15.Nd1b2 Nb6d5
16.Bc1d2 f6
17.a4 c6
18.a5 a6
19.Nb2d1 f5
20.Nd1e3 f4
21.Ne3g4 h5
22.Ng4h2 Bc8d7
23.Ra1c1 Bd7e8
24.Qe2e4 Rf8f5
25.g3 fxg3
26.fxg3 g6
27.g4 hxg4
28.Qe4xg4 Be7f8
29.Nf3h4 Nd5e7
30.Nh4xf5 exf5
31.Qg4g3 Qd8d7
32.Bd2g5 Ne7d5
33.h4 Qd7e6
34.h5 Ra8a7
35.h6 Ra7h7
36.Qg3h4 Nd5e3
37.Bg5xe3 Bf8e7
38.Be3g5 Kf7
39.Nh2g4 Be8d7
40.Rc1e1 Bd7c8
41.Ng4f6 Be7xf6
42.exf6 Qe6d6
43.Re1e7 Qd6xe7
44.fxe7 Bc8d7
45.Rf1e1 Ke8
46.Bg5f6 Kf7
47.Bf6e5 Ke8
48.Qh4f6 Rh7f7
49.h7 Rf7xf6
50.Be5xf6 Kf7
51.h8Q Bd7e6
52.Qh8f8 1-0

[Event "Tournoi n27347"]
[Site "www.echecsemail.com"]
[Date "2026.01.09"]
[Round "1"]
[White "Oranmore"]
[Black "Jazzzz"]
[WhiteElo "1880"]
[BlackElo "1980"]
[Result "1-0"]
1.c4 g6
2.d4 Bf8g7
3.Nb1c3 a6
4.e4 d6
5.Bf1e2 Ng8f6
6.Be2f3 O-O
7.Ng1e2 c6
8.h3 b5
9.cxb5 axb5
10.b3 b4
11.Nc3a4 c5
12.Bc1e3 cxd4
13.Be3xd4 Nb8c6
14.Bd4b6 Qd8e8
15.Ra1b1 Bc8a6
16.O-O Nc6e5
17.Rf1e1 Ne5xf3
18.gxf3 Ba6b5
19.Ne2f4 Bb5xa4
20.bxa4 Ra8xa4
21.Qd1b3 Qe8b5
22.Bb6e3 Rf8b8
23.Re1e2 Nf6d7
24.Re2c2 Nd7c5
25.Qb3d5 Ra4a5
26.Qd5d1 Rb8a8
27.Nf4d5 Ra5xa2
28.Rc2xa2 Ra8xa2
29.Rb1xb4 Qb5a5
30.Rb4b8 Bg7f8
31.Nd5xe7 Kg7
32.Qd1d4 f6
33.Ne7d5 Nc5d7
34.Rb8b7 Qa5d8
35.Nd5xf6 Ra2a4
36.Qd4xa4 Kxf6
37.Rb7xd7 Qd8b8
38.Rd7xh7 { abandon }1-0

[Event "Coupe Niveau 3"]
[Site "www.echecsemail.com"]
[Date "2026.01.09"]
[Round "1"]
[White "Verson"]
[Black "Patau"]
[WhiteElo "1850"]
[BlackElo "1700"]
[Result "1-0"]
1.d4 f5
2.Ng1f3 g6
3.Bc1f4 Bf8g7
4.e3 Ng8f6
5.Bf1d3 O-O
6.Nb1d2 d5
7.O-O c5
8.c3 cxd4
9.exd4 Nf6e4
10.Nf3e5 Bg7xe5
11.Bf4xe5 Nb8c6
12.Nd2xe4 dxe4
13.Bd3c4 e6
14.Be5f4 Nc6a5
15.Bc4b3 Na5xb3
16.Qd1xb3 Qd8d5
17.Qb3b4 Bc8d7
18.Qb4d6 Qd5xd6
19.Bf4xd6 Rf8f7
20.Ra1e1 Bd7b5
21.f3 Bb5xf1
22.Kxf1 exf3
23.gxf3 Ra8e8
24.c4 Rf7d7
25.Bd6e5 Re8c8
26.Re1c1 b5
27.c5 Rc8c6
28.Rc1c3 Rd7d5
29.Rc3a3 a6
30.b4 f4
31.h4 Kf7
32.Ra3d3 Rd5xe5
33.dxe5 Rc6c7
34.Rd3d6 Ke7
35.Ke2 Rc7d7
36.Kd3 Rd7xd6
37.cxd6 Kd7
38.Ke4 h6
39.Kxf4 Kc6
40.Ke4 g5
41.hxg5 hxg5
42.f4 g4
43.Ke3 { abandon }1-0

[Event "WATERLOO"]
[Site "www.echecsemail.com"]
[Date "2026.01.09"]
[Round "1"]
[White "Mindthegap"]
[Black "4x4"]
[WhiteElo "1450"]
[BlackElo "1470"]
[Result "0-1"]
1.e4 e5
2.Ng1f3 Ng8f6
3.Nf3xe5 d6
4.Ne5f3 Nf6xe4
5.d4 d5
6.Bf1d3 Bf8e7
7.O-O O-O
8.Nf3e5 f5
9.c3 Nb8d7
10.Bd3xe4 fxe4
11.Ne5xd7 Bc8xd7
12.Qd1b3 b6
13.Qb3xd5 Kh8
14.Bc1e3 c6
15.Qd5xe4 Bd7f5
16.Qe4f3 Bf5xb1
17.Qf3e2 Bb1g6
18.Ra1e1 Be7d6
19.Qe2c4 Qd8c7
{ abandon }0-1

[Event "Défi"]
[Site "www.echecsemail.com"]
[Date "2026.01.09"]
[Round "1"]
[White "Nicadria22"]
[Black "Degun"]
[WhiteElo "1910"]
[BlackElo "1990"]
[Result "0-1"]
1.e4 e5
2.Ng1f3 Nb8c6
3.Bf1b5 d6
4.d4 exd4
5.Nf3xd4 Bc8d7
6.Nd4xc6 Bd7xc6
7.Bb5xc6 bxc6
8.c4 Qd8h4
9.Qd1d3 Ng8f6
10.Nb1c3 Bf8e7
11.Bc1e3 O-O
12.O-O Rf8d8
13.f3 d5
14.Be3f2 Qh4g5
15.cxd5 cxd5
16.exd5 c6
17.Qd3e2 Nf6xd5
18.Nc3e4 Qg5e5
19.Rf1e1 Be7b4
20.Ne4g3 Qe5xe2
21.Re1xe2 Nd5f4
22.Re2c2 Rd8d6
23.a3 Bb4a5
24.Bf2c5 Rd6e6
25.Ra1c1 Nf4d3
26.Rc1d1 Nd3xc5
27.b4 Ba5xb4
28.axb4 Nc5a6
29.Rc2c4 Ra8b8
30.Ng3e4 Kf8
31.Ne4g5 Re6g6
32.Rc4g4 h6
33.Ng5xf7 Kxf7
34.Rd1d7 Ke6
35.Rg4xg6 Kxd7
36.Rg6xg7 Kd6
37.Rg7g6 Kd5
38.Rg6xh6 Na6xb4
39.Rh6h5 Kd4
40.Rh5h4 Kc3
{ abandon }0-1

[Event "CARPE DIEM"]
[Site "www.echecsemail.com"]
[Date "2026.01.09"]
[Round "1"]
[White "Qsdmlk"]
[Black "Mindthegap"]
[WhiteElo "1560"]
[BlackElo "1420"]
[Result "1-0"]
1.e4 c5
2.Ng1f3 d6
3.d4 cxd4
4.Nf3xd4 Ng8f6
5.Nb1c3 a6
6.Bc1g5 h6
7.Bg5f4 Nb8c6
8.Nd4xc6 bxc6
9.Bf1e2 e5
10.Bf4g3 d5
11.O-O h5
12.Bg3xe5 Bf8b4
13.a3 Bb4xc3
14.Be5xc3 Nf6xe4
15.Bc3xg7 Rh8g8
16.Bg7h6 Bc8h3
17.Be2f3 Ne4f6
18.Bh6f4 Qd8d7
19.Bf4g3 Ra8b8
20.gxh3 Qd7xh3
21.Rf1e1 Kd7
22.Kh1 h4
23.Bg3xb8 Qh3f5
24.Qd1e2 Rg8e8
25.Qe2xa6 Qf5xf3
26.Kg1 Re8g8
27.Kf1 Qf3g2
28.Ke2 Rg8e8
29.Kd1 Qg2f3
30.Kd2 Nf6e4
31.Kc1 Qf3f4
32.Re1e3 Qf4xh2
33.Bb8xh2 { abandon }1-0

[Event "Coupe Niveau 3"]
[Site "www.echecsemail.com"]
[Date "2026.01.09"]
[Round "1"]
[White "Domenico"]
[Black "Elghribi"]
[WhiteElo "1730"]
[BlackElo "1900"]
[Result "1-0"]
1.e4 d6
2.Bf1c4 Ng8f6
3.d3 g6
4.Ng1f3 Bf8g7
5.O-O e5
6.Nb1c3 O-O
7.Nc3d5 h6
8.Bc1e3 c6
9.Nd5xf6 Qd8xf6
10.c3 Nb8d7
11.d4 Qf6e7
12.dxe5 Nd7xe5
13.Nf3xe5 dxe5
14.Qd1e2 Kh7
15.Ra1d1 Bc8e6
16.Bc4xe6 Qe7xe6
17.b3 b6
18.c4 Ra8d8
19.Rd1xd8 Rf8xd8
20.f4 exf4
21.Rf1xf4 Bg7e5
22.Rf4f1 c5
23.Qe2f3 Be5d4
24.Be3xd4 Rd8xd4
25.Qf3xf7 Qe6xf7
26.Rf1xf7 Kg8
27.Rf7xa7 Rd4xe4
28.Ra7a6 Re4e6
29.a4 Kf7
30.a5 bxa5
31.Ra6xa5 Re6c6
32.Ra5b5 Ke6
33.Kf2 Ke5
34.Ke3 Ke6
35.g4 Ke5
36.b4 Kd6
37.bxc5 Rc6xc5
38.Rb5xc5 Kxc5
39.Ke4 { abandon }1-0

[Event "YQUELON"]
[Site "www.echecsemail.com"]
[Date "2026.01.09"]
[Round "1"]
[White "Mindthegap"]
[Black "Legrillon"]
[WhiteElo "1540"]
[BlackElo "1720"]
[Result "0-1"]
1.e4 e5
2.Ng1f3 Ng8f6
3.d4 Bf8d6
4.Nb1c3 Qd8e7
5.Bc1g5 O-O
6.Bg5xf6 Qe7xf6
7.Nc3d5 Qf6g6
8.Nf3h4 Qg6xe4
9.Nd5e3 exd4
10.Nh4f3 dxe3
11.fxe3 Qe4xe3
12.Bf1e2 Rf8e8
13.Nf3d2 Bd6c5
14.Nd2f1 Qe3f2
{ abandon }0-1

[Event "Coupe Niveau 4"]
[Site "www.echecsemail.com"]
[Date "2026.01.09"]
[Round "1"]
[White "Nicodemouscron"]
[Black "Elghribi"]
[WhiteElo "2100"]
[BlackElo "1930"]
[Result "1-0"]
1.e4 d6
2.d4 Ng8f6
3.Nb1c3 g6
4.f4 Bf8g7
5.Ng1f3 O-O
6.h3 Nb8c6
7.Bc1e3 Nf6d7
8.Qd1d2 e5
9.fxe5 dxe5
10.d5 Nc6e7
11.O-O-O a6
12.Be3h6 f5
13.Bh6xg7 Kxg7
14.Nf3g5 Nd7f6
15.exf5 Ne7xf5
16.Bf1c4 Nf5d6
17.Bc4b3 h6
18.Ng5f3 Bc8d7
19.Nf3xe5 Nd6e4
20.Nc3xe4 Nf6xe4
21.Qd2d4 Ne4f6
22.g4 Bd7e8
23.h4 Qd8d6
24.g5 { abandon }1-0

[Event "VIC LA GARDIOLE"]
[Site "www.echecsemail.com"]
[Date "2026.01.09"]
[Round "1"]
[White "Mindthegap"]
[Black "4x4"]
[WhiteElo "1440"]
[BlackElo "1460"]
[Result "0-1"]
1.e4 e5
2.Ng1f3 Nb8c6
3.Nb1c3 Ng8f6
4.d4 exd4
5.Nf3xd4 Nc6xd4
6.Qd1xd4 c5
7.Qd4e5 Qd8e7
8.Qe5xe7 Bf8xe7
9.Nc3d5 Nf6xd5
10.exd5 d6
11.Bf1c4 b6
12.O-O Bc8b7
13.Rf1e1 Kd7
14.Bc4b5 Kd8
15.Bb5c6 Bb7xc6
16.dxc6 Rh8e8
17.Bc1g5 Be7xg5
18.Re1xe8 Kxe8
19.Ra1e1 Bg5e7
{ abandon }0-1

[Event "Tournoi n27247"]
[Site "www.echecsemail.com"]
[Date "2026.01.09"]
[Round "1"]
[White "Kawa750"]
[Black "Geantvert"]
[WhiteElo "1810"]
[BlackElo "1870"]
[Result "0-1"]
1.d4 f5
2.Bc1f4 Ng8f6
3.Nb1c3 b6
4.Ng1f3 Bc8b7
5.Nc3b5 d6
6.e3 e6
7.Nf3g5 Qd8d7
8.Bf1c4 Bb7d5
9.Bc4xd5 Nf6xd5
10.Nb5c3 Nd5xc3
11.bxc3 g6
12.O-O h6
13.Ng5f3 g5
14.Bf4g3 Nb8c6
15.Rf1e1 Bf8g7
16.h3 O-O-O
17.Nf3d2 Rd8e8
18.a4 e5
19.Nd2c4 exd4
20.cxd4 Nc6b4
21.c3 Nb4d5
22.Qd1b3 Nd5e7
23.a5 b5
24.a6 bxc4
25.Qb3b7 Kd8
26.Qb7xa7 Qd7c8
27.Re1b1 Kd7
28.Qa7b7 Qc8xb7
29.Rb1xb7 Re8a8
30.f4 Rh8b8
31.fxg5 hxg5
32.Rb7xb8 Ra8xb8
33.Kf2 Ne7d5
34.Ra1a3 f4
35.exf4 gxf4
36.Bg3h2 Rb8a8
37.Kf3 Kc6
38.Ke4 Nd5e7
39.Bh2xf4 d5
40.Kf3 Kb6
41.h4 c6
42.Bf4d6 Ne7c8
43.Bd6c5 Kc7
44.g4 Nc8d6
45.Kf4 Nd6b5
46.Ra3a1 Nb5xc3
47.a7 Nc3b5
48.g5 Bg7xd4
49.Bc5xd4 Nb5xd4
50.g6 Kb7
51.g7 Nd4e6
52.Ke5 Ne6xg7
53.Kf6 Ng7h5
54.Kg5 Nh5g3
55.Kg4 Ra8g8
56.Kf3 Ka8
57.Ra1g1 Kxa7
58.Rg1xg3 Rg8xg3
59.Kxg3 c3
{ abandon }0-1

[Event "XERTIGNY  VOSGES"]
[Site "www.echecsemail.com"]
[Date "2026.01.09"]
[Round "1"]
[White "Intrigue"]
[Black "4x4"]
[WhiteElo "1720"]
[BlackElo "1460"]
[Result "1-0"]
1.e4 e5
2.Ng1f3 Ng8f6
3.Bf1c4 Nb8c6
4.Nb1c3 d6
5.h3 Bc8e6
6.Bc4xe6 fxe6
7.O-O Nc6d4
8.d3 c5
9.Nc3e2 Nd4xf3
10.gxf3 Nf6h5
11.Ne2g3 g6
12.Ng3xh5 gxh5
13.Qd1d2 Bf8g7
14.f4 Qd8f6
15.fxe5 dxe5
16.Qd2g5 Qf6xg5
17.Bc1xg5 h6
18.Bg5h4 Kf7
19.f3 Bg7f6
20.Bh4xf6 Kxf6
21.Kf2 Rh8g8
22.Rf1g1 Rg8g5
23.h4 Rg5g6
24.Rg1xg6 Kxg6
25.Ra1g1 Kf7
26.a4 Ra8g8
27.Rg1xg8 Kxg8
28.c3 b6
29.Ke3 a6
30.b4 cxb4
31.cxb4 Kf7
32.f4 exf4
33.Kxf4 Kf6
34.d4 a5
35.b5 Kg6
36.Ke5 Kf7
37.d5 exd5
38.Kxd5 Kf6
39.e5 Kf5
40.e6 Kg4
41.e7 Kxh4
42.e8Q Kg4
43.Qe8e4 Kg3
44.Kd4 h4
45.Ke3 h3
46.Qe4f4 Kg2
47.Qf4g4 Kh2
48.Kf3 h5
49.Qg4g3 Kh1
50.Kf2 h2
51.Qg3g2 1-0

[Event "XERTIGNY  VOSGES"]
[Site "www.echecsemail.com"]
[Date "2026.01.09"]
[Round "1"]
[White "Mindthegap"]
[Black "Legrillon"]
[WhiteElo "1500"]
[BlackElo "1710"]
[Result "0-1"]
1.e4 e5
2.Ng1f3 Ng8f6
3.Bf1c4 d5
4.Bc4d3 dxe4
5.Nf3xe5 Bf8d6
6.Bd3c4 Bd6xe5
7.O-O O-O
8.Rf1e1 a6
9.d3 b5
10.Bc4b3 Rf8e8
11.Bc1g5 Qd8d6
12.Qd1f3 exf3
{ abandon }0-1

[Event "Amical( 10J+24H/c 10J Max )"]
[Site "www.echecsemail.com"]
[Date "2026.01.09"]
[Round "1"]
[White "Roidechecs"]
[Black "Jajaf1959"]
[WhiteElo "1250"]
[BlackElo "1950"]
[Result "1-0"]
1.e4 d5
2.exd5 Ng8f6
3.Qd1f3 Nf6xd5
4.d4 Nb8c6
5.Nb1c3 Bc8f5
6.Qf3xf5 Nc6xd4
7.Qf5d3 Nd5xc3
8.Qd3xc3 Nd4xc2
9.Qc3xc2 e6
10.Ng1f3 Bf8b4
11.Ke2 Qd8d6
12.Bc1e3 Qd6a6
13.Qc2d3 Qa6xd3
14.Kxd3 O-O-O
15.Ke2 h5
16.Nf3g5 Rh8f8
17.Ra1d1 Rd8xd1
18.Kxd1 f6
19.Ng5xe6 Kd7
20.Ne6xf8 Bb4xf8
21.Be3xa7 Bf8c5
22.Ba7xc5 b6
23.Bc5xb6 cxb6
24.a4 Kc6
25.Bf1b5 Kc5
26.Ke2 g5
27.f3 f5
28.g3 Kd5
29.Bb5d7 Ke5
30.f4 gxf4
31.gxf4 Kxf4
32.Rh1f1 Kg5
33.Rf1xf5 Kg6
34.Rf5b5 h4
35.Rb5xb6 Kg5
36.a5 h3
37.Rb6b3 Kf4
38.Rb3xh3 Ke4
39.Rh3h4 Kd5
40.a6 Kd6
41.Rh4h5 Kxd7
42.a7 Ke6
43.a8R Kd6
44.Ra8a6 Kc7
45.Rh5h7 Kb8
46.h4 Kc8
47.Ra6a8 1-0

[Event "Défi( 10J+24H/c 10J Max )"]
[Site "www.echecsemail.com"]
[Date "2026.01.09"]
[Round "1"]
[White "Hberlioz"]
[Black "Pascalou50"]
[WhiteElo "1710"]
[BlackElo "1800"]
[Result "0-1"]
1.d4 e6
2.e4 d5
3.e5 c5
4.Bf1b5 Bc8d7
5.Qd1e2 a6
6.Bb5xd7 Qd8xd7
7.Ng1f3 Nb8c6
8.c3 Ng8e7
9.Bc1g5 Ne7f5
10.dxc5 Bf8xc5
11.O-O Qd7c7
12.Nb1d2 h6
13.Bg5e3 Nf5xe3
14.fxe3 Nc6xe5
15.b4 Bc5d6
16.a4 O-O
17.e4 Ne5xf3
18.Qe2xf3 Bd6xh2
19.Kf2 Bh2e5
20.Ra1c1 Ra8c8
21.Nd2b3 Qc7b6
22.Ke1 f6
23.Nb3c5 a5
24.Nc5b3 axb4
25.cxb4 Qb6xb4
26.Kf2 Rc8c3
27.Rc1xc3 Qb4xc3
28.Qf3d1 dxe4
29.Rf1e1 Be5g3
{ abandon }0-1

[Event "YQUELON"]
[Site "www.echecsemail.com"]
[Date "2026.01.09"]
[Round "1"]
[White "4x4"]
[Black "Mindthegap"]
[WhiteElo "1470"]
[BlackElo "1540"]
[Result "1-0"]
1.e4 e5
2.Ng1f3 Ng8f6
3.d4 Nf6xe4
4.Bf1d3 Bf8e7
5.Bd3xe4 d5
6.Be4d3 Bc8g4
7.dxe5 O-O
8.Nb1c3 Be7b4
9.Bc1d2 d4
10.Nc3e4 Bb4xd2
11.Qd1xd2 Bg4xf3
12.gxf3 { abandon }1-0

[Event "Défi( 10J+24H/c 10J Max )"]
[Site "www.echecsemail.com"]
[Date "2026.01.09"]
[Round "1"]
[White "Tunnellavage"]
[Black "Geantvert"]
[WhiteElo "1760"]
[BlackElo "1860"]
[Result "0-1"]
1.e4 c5
2.Ng1f3 Nb8c6
3.Bf1c4 g6
4.Nb1c3 Bf8g7
5.d3 a6
6.a3 e6
7.h3 b5
8.Bc4a2 Ng8e7
9.O-O Bc8b7
10.Qd1e1 O-O
11.Nc3e2 d5
12.c3 dxe4
13.dxe4 Nc6e5
14.Nf3xe5 Bg7xe5
15.f4 Be5g7
16.e5 c4
17.Ba2b1 Ne7f5
18.Ne2g3 Qd8b6
19.Kh2 Rf8d8
20.Ng3xf5 exf5
21.Bc1e3 Qb6c6
22.Rf1g1 Bg7f8
23.Bb1c2 Rd8d7
24.Bc2d1 Ra8d8
25.Bd1f3 Qc6c7
26.Qe1f2 Rd8c8
27.Ra1e1 Bb7xf3
28.gxf3 Rd7d3
29.Be3d4 Bf8c5
30.e6 Qc7xf4
31.Kh1 Bc5xd4
32.cxd4 Rd3xf3
33.exf7 Kxf7
34.Qf2g2 Rc8d8
{ abandon }0-1

[Event "Tournoi n27345"]
[Site "www.echecsemail.com"]
[Date "2026.01.09"]
[Round "1"]
[White "Alain64"]
[Black "Chronik"]
[WhiteElo "2110"]
[BlackElo "2230"]
[Result "0-1"]
1.f4 e6
2.Ng1f3 d5
3.e3 c5
4.b3 Nb8c6
5.Bc1b2 Ng8f6
6.Bf1b5 Bc8d7
7.O-O Qd8b6
8.Bb5xc6 Bd7xc6
9.Nf3e5 Bf8e7
10.Ne5xc6 Qb6xc6
11.Qd1e2 O-O-O
12.d4 c4
13.c3 Nf6e4
14.bxc4 Qc6xc4
15.Qe2xc4 dxc4
16.Rf1d1 g5
17.Nb1d2 Ne4xd2
18.Rd1xd2 gxf4
19.exf4 Rh8g8
20.a4 Be7d6
21.Rd2f2 Rg8g4
22.Ra1f1 Rd8g8
23.g3 h5
24.Kh1 h4
25.gxh4 Rg4xh4
26.Bb2c1 Rg8h8
27.Rf1g1 Rh4h3
28.Bc1d2 Rh3d3
29.Rg1g7 f5
30.Kg2 Rd3h3
31.Kg1 Rh3d3
32.a5 a6
33.Rg7g6 Kd7
34.Rf2e2 Bd6a3
35.Rg6xe6 Rd3xd2
36.Re2xd2 Kxe6
37.Rd2e2 Kd7
38.Re2e5 Rh8f8
39.Kf2 Ba3d6
40.Re5e3 Bd6xf4
41.Re3h3 Bf4c7
42.Kf3 Bc7xa5
43.Kf4 b5
44.Rh3h6 Ba5xc3
45.Rh6xa6 Bc3xd4
{ abandon }0-1